[Event "Chile Championship Absolute 2022"]
[Site "Las Condes"]
[Date "2022.02.21"]
[Round "5.4"]
[White "Vasquez Toledo, Cristian"]
[Black "Donoso Diaz, Sebastian"]
[Result "1-0"]
[WhiteElo "2154"]
[BlackElo "2212"]
[Annotator "NA"]
[PlyCount "99"]
[EventDate "2022.02.18"]
[EventType "tourn"]
[EventCountry "CHI"]
[SourceTitle "playchess.com"]
[Source "ChessBase"]
[SourceQuality "1"]
[TimeControl "5400+30"]

1. e4 {[%emt 0:00:08]} e5 {[%emt 0:08:06]} 2. Nf3 {[%emt 0:00:17]} Nc6 {[%emt 0:00:03]} 3. Bc4 {[%emt 0:00:04]} Be7 {[%emt 0:00:06]} 4. c3 {[%emt 0:00:52]} Nf6 {[%emt 0:01:32]} 5. d3 {[%emt 0:00:23]} O-O {[%emt 0:00:23]} 6. O-O {[%emt 0:00:05]} d5 {[%emt 0:01:32]} 7. exd5 {[%emt 0:00:04]} Nxd5 {[%emt 0:00:04]} 8. Re1 {[%emt 0:00:09]} Bg4 {[%emt 0:00:29]} 9. Nbd2 {[%emt 0:01:20]} Nf4 {[%emt 0:08:10]} 10. Ne4 {[%emt 0:00:56]} Na5 {[%emt 0:09:48]} 11. Bxf4 {[%emt 0:00:29]} Nxc4 {[%emt 0:00:31]} 12. Bc1 {[%emt 0:00:08]} f5 {[%emt 0:25:28]} 13. Qb3 {[%emt 0:06:55]} Qxd3 {[%emt 0:16:36]} 14. Nxe5 {[%emt 0:01:17]} Qd5 {[%emt 0:01:57]} 15. Qxc4 {[%emt 0:05:50]} Qxc4 {[%emt 0:00:04]} 16. Nxc4 {[%emt 0:00:05]} fxe4 {[%emt 0:00:05]} 17. Rxe4 {[%emt 0:00:02]} Bc5 {[%emt 0:02:10]} 18. Rxg4 {[%emt 0:01:17]} Bxf2+ {[%emt 0:05:59]} 19. Kh1 {[%emt 0:00:28]} b5 {[%emt 0:00:14]} 20. Bh6 {[%emt 0:01:37]} bxc4 {[%emt 0:00:51]} 21. Bxg7 {[%emt 0:00:07]} h5 {[%emt 0:00:34]} 22. Rg5 {[%emt 0:00:39]} Be3 {[%emt 0:00:58]} 23. Rg3 {[%emt 0:02:36]} Bf4 {[%emt 0:02:29]} 24. Bxf8+ {[%emt 0:00:02]} Bxg3 {[%emt 0:00:09]} 25. Bc5 {[%emt 0:00:24]} Bd6 {[%emt 0:01:22]} 26. Bxd6 {[%emt 0:03:55]} cxd6 {[%emt 0:00:01]} 27. Re1 {[%emt 0:00:13]} Rb8 {[%emt 0:00:49]} 28. Re2 {[%emt 0:00:06]} Kf7 {[%emt 0:00:14]} 29. Kg1 {[%emt 0:00:04]} Rb5 {[%emt 0:00:19]} 30. Kf2 {[%emt 0:00:05]} Kf6 {[%emt 0:00:25]} 31. Ke3 {[%emt 0:00:54]} Re5+ {[%emt 0:00:18]} 32. Kd2 {[%emt 0:00:02]} Rd5+ {[%emt 0:00:57]} 33. Kc2 {[%emt 0:00:09]} Ra5 {[%emt 0:00:55]} 34. Kb1 {[%emt 0:00:19]} Rb5 {[%emt 0:01:07]} 35. g3 {[%emt 0:01:49]} Kg5 {[%emt 0:00:49]} 36. Re4 {[%emt 0:01:18]} d5 {[%emt 0:06:49]} 37. Re5+ {[%emt 0:00:37]} Kg4 {[%emt 0:00:57]} 38. Kc2 {[%emt 0:00:08]} h4 {[%emt 0:00:34]} 39. gxh4 {[%emt 0:00:07]} Kxh4 {[%emt 0:00:02]} 40. b4 {[%emt 0:01:00]} cxb3+ {[%emt 0:01:03]} 41. axb3 {[%emt 0:00:01]} a6 {[%emt 0:02:14]} 42. Re6 {[%emt 0:01:34]} a5 {[%emt 0:00:10]} 43. Re5 {[%emt 0:00:12]} Kg4 {[%emt 0:02:31]} 44. c4 {[%emt 0:01:25]} Rb4 {[%emt 0:00:02]} 45. Rxd5 {[%emt 0:00:47]} a4 {[%emt 0:00:01]} 46. Rb5 {[%emt 0:01:23]} axb3+ {[%emt 0:00:05]} 47. Kc3 {[%emt 0:00:04]} Ra4 {[%emt 0:00:06]} 48. Kxb3 {[%emt 0:00:05]} Ra1 {[%emt 0:00:08]} 49. Re5 {[%emt 0:00:14]} Kf4 {[%emt 0:00:20]} 50. Re2 {[%emt 0:00:13]} 1-0

[Event "Chile Championship Absolute 2022"]
[Site "Las Condes"]
[Date "2022.02.21"]
[Round "5.5"]
[White "Lopez Silva, Hugo Andres"]
[Black "Barriga Silva, Felipe"]
[Result "1-0"]
[WhiteElo "2407"]
[BlackElo "2162"]
[Annotator "TA"]
[PlyCount "131"]
[EventDate "2022.02.18"]
[EventType "tourn"]
[EventCountry "CHI"]
[SourceTitle "playchess.com"]
[Source "ChessBase"]
[SourceQuality "1"]

{[%evp 17,131,42,41,41,43,60,70,0,0,0,0,0,6,8,16,0,10,0,56,10,40,0,0,0,0,0,0,-31,0,-25,0,0,0,0,29,0,103,50,117,124,292,0,73,7,50,0,124,0,0,0,0,0,0,0,26,12,66,58,58,58,58,58,142,145,144,137,225,210,332,318,314,308,302,0,251,0,300,274,366,356,316,0,301,290,354,361,319,319,446,295,510,447,945,936,662,302,885,864,1068,1030,5409,5122,2625,2190,5057,924,2239,2384,29982,29983,29987,29988,29988,29988,29989,29989]} 1. e4 c5 2. Nf3 d6 3. d4 cxd4 4. Nxd4 Nf6 5. Nc3 g6 6. Be3 Bg7 7. f3 Nc6 8. Qd2 O-O 9. g4 h5 10. h3 {B76: Sicilian Dragon: Yugoslav Attack, 9 g4 and 9 0-0-0.} d5 11. g5 Nh7 {[%cal Bf6h7,Bh7g5,Bg5e6,Be6c5][%mdl 32]} 12. exd5 {White is more active.} (12. Nxd5 $14 Nxd4 13. Bxd4) 12... Nxd4 $11 13. Bxd4 Nxg5 14. Bg2 {Hoping for Bxg7.} Bxd4 15. Qxd4 {[#]} Ne6 $146 ({Predecessor:} 15... Qd6 16. O-O-O Qg3 17. Rd2 Bxh3 18. Ne4 Nxe4 19. Rxh3 Qe1+ 20. Rd1 Qf2 21. fxe4 Qxg2 22. Rxh5 gxh5 {1-0 (56) Mohamad,E (2356)-Vakhidov,J (2533) Tornelo INT 2021}) 16. Qd2 Nc5 17. O-O-O Qa5 (17... Bf5 $11) 18. h4 (18. Rhe1 $14 {is more appropriate.}) 18... Rd8 19. Qd4 (19. Rhe1 $5 {[%cal Re1e7]}) 19... Bf5 20. Bh3 Bxh3 21. Rxh3 Qc7 {[%cal Oc5e6]} 22. Kb1 Rac8 {[%cal Ob7b5]} (22... Ne6 $5 {[%cal Re6d4]} 23. Qe4 Ng7 $11) 23. Qf2 Qf4 (23... b5 {keeps more tension.} 24. Rg3 Qb6 25. Qd4 b4 26. Ne4 Nd7) 24. Rd4 Qf6 {[%cal Oc5e6]} 25. f4 e6 {[%cal Ob7b5]} 26. Rf3 Qf5 (26... b5 $11 {remains equal.}) 27. Re3 ({Better is} 27. b4 $16 Na6 28. dxe6 (28. d6 Nb8 $11) 28... Rxd4 29. exf7+ Qxf7 30. Qxd4) 27... b5 (27... exd5 28. Re5 Qh3 29. Nxd5 $16) (27... Qf6 $14 28. Re2 b6) 28. Re5 $1 $16 Qh3 (28... Qf6 $16) 29. Re3 $2 (29. Nxb5 Rxd5 30. a3 (30. Rdxd5 exd5 31. a4 Ne4 $15) 30... Rxd4 31. Nxd4 Qh1+ 32. Qe1 Qxe1+ 33. Rxe1 Nd7 $11) ({White should try} 29. f5 $18 b4 30. fxg6 $1 (30. Rxb4 exf5 31. a3 Nd7 $16) 30... fxg6 31. Re3 $1 (31. Rxb4 Rf8 $11)) 29... Qg4 (29... Qf5 $1 $11) 30. Re1 ({Of course not} 30. Nxb5 Rxd5 31. Kc1 Rcd8 32. Rxd5 exd5 $15) (30. a3 $16 {And now Re5 would win.} Na4 31. Nxa4 bxa4 32. d6) 30... Qf5 (30... b4 $1 $11 31. Rxb4 exd5) 31. Re5 (31. a3 $14) 31... Qf6 {[#]} (31... Qh3 $11 {keeps the balance.}) 32. Nxb5 (32. dxe6 $1 $16 {Threatens to win with Rxd8+.} Nxe6 33. Nd5) 32... exd5 $1 $11 33. Nc3 {To avoid Ne4} Ne4 $1 34. Nxe4 dxe4 35. Rexe4 {[%cal Be5e4,Be4d4,Bd4d2][%mdl 32]} Rxd4 (35... Rc4 $5 36. Rxd8+ Qxd8 $11) 36. Rxd4 {[%mdl 4096] Endgame KQR-KQR} Qc6 (36... Qb6 $11) 37. b3 $14 Re8 38. Kb2 Qf6 {[%cal Oe8e2]} 39. c3 Qa6 (39... Re5 $14) 40. Rd2 $16 Re4 41. f5 {Strongly threatening fxg6.} gxf5 (41... Qb6 $16) 42. Qxf5 $18 Re2 (42... Qg6 {was necessary.} 43. Qxg6+ fxg6) 43. Qg5+ Kf8 44. Qd8+ Kg7 45. Qg5+ Kf8 46. Qd8+ Kg7 47. c4 Qe6 48. Qg5+ Kf8 49. Qd8+ Kg7 $1 50. Qd4+ ({Don't do} 50. Qg5+ $6 Kf8 51. Qd8+ Kg7 $18) 50... Kg8 51. Rxe2 Qxe2+ {KQ-KQ} 52. Ka3 Qe6 53. c5 Qe1 $2 (53... f5 54. Kb4 Kf8 55. Qh8+ Ke7 56. Qg7+ (56. Qxh5 Qe1+ 57. Ka4 Qf2 $18) 56... Kd8 57. Qxa7 Kc8 58. Qa8+ Kc7) 54. Qd8+ Kh7 (54... Kg7 $142 55. Qg5+ Kf8 56. Qh6+ (56. Qxh5 Qa5+ 57. Kb2 Qd2+ 58. Kb1 Qd3+ 59. Kc1 Qc3+ 60. Kb1 Qd3+ 61. Kc1 Qc3+ 62. Kd1 Qd3+ 63. Kc1 $18) 56... Kg8) 55. Qg5 Qd1 56. Kb4 (56. Qf4 $142 Qd7 57. Qd6) 56... Qe1+ $2 (56... Qg4+ 57. Ka5 Qxg5 58. hxg5 h4) 57. Kb5 Qe2+ 58. Kc6 Qxa2 59. Qxh5+ Kg8 60. Qg5+ Kf8 61. Qd8+ Kg7 62. Qd4+ Kf8 63. Kd7 {[%cal Rd4h8] White mates.} f5 64. c6 Qa5 65. Qf6+ Kg8 66. Qd8+ {Weighted Error Value: White=0.49/Black=0.54} 1-0

[Event "Chile Championship Absolute 2022"]
[Site "Las Condes"]
[Date "2022.02.21"]
[Round "5.6"]
[White "Salinas Herrera, Pablo Patricio"]
[Black "Bahamondes Ortiz, Benjamin"]
[Result "1-0"]
[WhiteElo "2517"]
[BlackElo "2164"]
[Annotator "TA"]
[PlyCount "85"]
[EventDate "2022.02.18"]
[EventType "tourn"]
[EventCountry "CHI"]
[SourceTitle "playchess.com"]
[Source "ChessBase"]
[SourceQuality "1"]

{[%evp 23,85,0,-4,-1,-4,-10,-5,-11,0,0,0,0,24,14,0,0,17,0,0,0,0,0,0,-28,-27,-46,0,-15,15,15,25,26,28,18,72,66,150,130,164,156,185,179,155,89,81,81,82,89,92,87,113,0,2677,825,29983,29984,29989,29990,29993,29994,29994,29995,29995,29996]} 1. e4 c5 2. Nf3 d6 3. Bb5+ Bd7 4. Bxd7+ Qxd7 5. O-O Nc6 6. c3 Nf6 7. Qe2 e6 8. d4 cxd4 9. cxd4 d5 10. e5 Ne4 11. Nbd2 Nxd2 12. Bxd2 Be7 13. g3 {seems to push 13.Rac1 aside. B52: Sicilian: Moscow Variation with 3...Bd7.} O-O 14. Kg2 Rfc8 15. h4 {[#] The position is equal.} Rc7 $146 ({Predecessor:} 15... Bb4 16. Be3 Bf8 17. Rh1 Nb4 18. Ne1 Qc6 19. Rc1 Qa6 20. Qxa6 bxa6 21. a3 Rxc1 22. Bxc1 {0-1 (40) Perez Ponsa,F (2561)-Seo,J (2459) Chess.com INT 2021}) 16. Rh1 Bf8 17. Qd3 f5 18. h5 Be7 19. Rag1 Rf8 20. a3 a6 21. Rh3 Rcc8 22. Ne1 Qd8 23. Kh1 Qb6 {[%csl LRb2,LRd4]} 24. Bc3 Rf7 (24... Na7 $15) 25. g4 f4 26. Qd2 Rcf8 27. Nf3 Qd8 28. Kg2 b5 (28... Qb6 $11) 29. Rc1 (29. Rhh1 {is interesting.} a5 30. Rc1 Qb6 31. Qd3 Qb7 32. Bd2) 29... Qb6 (29... a5 $1 $14) 30. Bb4 $16 Nxb4 31. axb4 Ra8 32. Rhh1 Rff8 33. Rc2 (33. Qc2 $142) 33... Rac8 {[%cal Oe7b4]} 34. Rhc1 Rc4 {[#]} 35. b3 $1 Bxb4 36. Qd3 {Ng5 is the strong threat.} Rxc2 37. Ng5 $40 {[%mdl 128] Black needs to defend precisely.} Rf5 {[%mdl 8192]} 38. gxf5 $18 {[%cal Bg4f5,Bf5f6][%mdl 32] White wants to mate with f6!} Rxc1 39. f6 {White mates.} g6 40. hxg6 h6 {[#]} 41. g7 $1 {[%csl Gg5][%cal Rd3h7]} hxg5 42. Qg6 {[%csl Gg6][%cal Rf6f7]} f3+ 43. Kh2 {Weighted Error Value: White=0.08 (flawless) /Black=0.28 (precise)} 1-0

[Event "Chile Championship Absolute 2022"]
[Site "Las Condes"]
[Date "2022.02.23"]
[Round "6.1"]
[White "Palma Neira, Eliseo Maximiliano"]
[Black "Bahamondes Ortiz, Benjamin"]
[Result "0-1"]
[WhiteElo "2029"]
[BlackElo "2164"]
[Annotator "TA"]
[PlyCount "140"]
[EventDate "2022.02.18"]
[EventType "tourn"]
[EventCountry "CHI"]
[SourceTitle "playchess.com"]
[Source "ChessBase"]
[SourceQuality "1"]

{[%evp 15,140,0,0,0,0,-10,3,0,0,-15,14,10,13,0,0,0,0,-30,-31,-69,-53,-44,0,0,0,-5,0,-9,24,0,22,21,23,29,35,31,31,35,50,0,0,-9,-10,-32,0,0,0,0,0,0,-18,-36,-24,-90,-89,-95,-29,-34,-18,-48,-43,-52,-38,-44,0,0,0,0,0,0,0,-9,0,-5,0,-30,-22,-53,-51,-56,-63,-152,-156,-139,-124,-124,-117,-251,-237,-234,-242,-356,-348,-345,-339,-492,-492,-485,-477,-506,-503,-503,-492,-600,-589,-554,-550,-994,-958,-733,-663,-601,-556,-5739,-2511,-5814,-5926,-2577,-2601,-12837,-2316,-1892,-1796,-1536,-1524,-1230,-853]} 1. d4 Nf6 2. Nf3 e6 3. c4 Bb4+ 4. Bd2 c5 5. dxc5 Bxc5 6. Nc3 O-O 7. e3 b6 8. Be2 Bb7 9. O-O {E11: Bogo-Indian.} Nc6 10. a3 Be7 11. Qc2 {The position is equal.} Rc8 12. e4 d6 {[#]} 13. Rfd1 $146 ({Predecessor:} 13. b3 Qc7 14. h3 Rfd8 15. Bf4 Nd7 16. Rfd1 Nde5 17. Nb5 Qb8 18. Nfd4 Nxd4 19. Nxd4 {½-½ (37) Mazanek,K (2125)-Friml,A (2139) Czech Republic 2009}) 13... Qc7 14. Nb5 Qb8 15. Bg5 Rfd8 16. Bd3 h6 17. Bh4 a6 (17... g5 {feels hotter.} 18. Bg3 Nh5 19. Be2 a6 20. Nc3 Qc7) 18. Nc3 Nh5 (18... g5 $15 {feels stronger.} 19. Bg3 Nh5) 19. Bxe7 $11 Nxe7 20. Qd2 Nf6 21. Qe3 Qc7 22. Na4 Nd7 23. b4 {Inhibits Nc5.} Bc6 24. Nc3 Bb7 {[%cal Ob6b5]} 25. Rac1 Ng6 26. Be2 Qb8 27. Na4 (27. Qd4 $14) 27... Bc6 28. Nb2 Nf6 29. Nd2 Qb7 {[%cal Rc6e4]} (29... b5 $5 {[%cal Rd6d5]}) 30. f3 d5 {[%cal Rd5e4]} 31. b5 axb5 32. cxb5 Be8 33. Rxc8 Rxc8 34. e5 (34. a4 $11) 34... Nd7 $17 35. f4 Nc5 (35... Qa7 $17 36. g3 Qa5) 36. a4 $11 Ne7 37. g4 Qa8 38. Qd4 Qa5 39. Rc1 $1 Bd7 (39... Ng6 $15) 40. Bd1 $1 Rf8 41. Bc2 Rc8 42. Bd1 Ng6 {[%cal Oc5e4,Be7g6,Bg6f4,Bf4e2][%mdl 32]} 43. Nf3 Rd8 44. Kg2 Rc8 45. h4 Ne4 46. Rxc8+ Bxc8 47. Bc2 {[%cal Ob2c4]} ({Avoid the trap} 47. Nd3 $2 {[#]} Nxh4+ $1 {[%mdl 512]} 48. Kh3 Nxf3 49. Bxf3 Bb7 $19) 47... Nxf4+ 48. Kh2 (48. Kf1 $1 $15) 48... Ne2 $17 49. Qe3 N2g3 {[#] Hoping for ...Nf1+. Black is much more active.} 50. Kg2 {Inhibits Nf1.} Bb7 51. Nd4 {This move loses the game for White.} (51. h5 $17) 51... Qb4 $40 {[%mdl 128] Black attacks with force.} 52. Nd1 Qc4 {( -> ...Qf1+)} 53. Bxe4 (53. Bd3 $142 Qxa4 54. Nc2) 53... Nxe4 54. Nf2 Qxa4 55. Nxe4 (55. g5 $142 h5 56. Kh3) 55... dxe4 {Black is clearly winning.} 56. Kg3 Bd5 57. g5 hxg5 58. hxg5 g6 59. Qf2 Qa3+ 60. Kf4 Qh3 {[%cal Oe4e3]} 61. Nc2 Qf5+ 62. Ke3 Qxg5+ 63. Kd4 Qc1 {And now ...Ba2 would win.} 64. Qe2 Qb2+ 65. Ke3 Bb3 66. Ne1 Qxe5 {aiming for ...f5.} 67. Ng2 Bd5 {White must now prevent ...Qg3+.} 68. Kf2 Qd4+ 69. Kg3 Qd3+ 70. Qe3 Bc4 {Weighted Error Value: White=0.21 (precise) /Black=0.08 (flawless)} 0-1

[Event "Chile Championship Absolute 2022"]
[Site "Las Condes"]
[Date "2022.02.23"]
[Round "6.2"]
[White "Barriga Silva, Felipe"]
[Black "Salinas Herrera, Pablo Patricio"]
[Result "1/2-1/2"]
[WhiteElo "2162"]
[BlackElo "2517"]
[Annotator "TA"]
[PlyCount "162"]
[EventDate "2022.02.18"]
[EventType "tourn"]
[EventCountry "CHI"]
[SourceTitle "playchess.com"]
[Source "ChessBase"]
[SourceQuality "1"]

{[%evp 16,162,-22,-24,-9,-16,-16,-22,-12,-17,0,-72,-39,-55,-30,-40,0,-3,0,0,0,-31,-37,-35,-38,-28,-35,-45,-49,-41,-38,-53,-40,-36,-29,-18,-20,-22,-22,-43,-43,-42,-33,-33,-32,-33,-16,-18,-14,-20,-1,-75,-80,-84,-89,-219,-219,-185,-178,-277,-275,-312,-288,-308,-288,-321,-292,-342,-282,-312,-306,-286,-266,-266,-221,-254,-252,-246,-239,-230,-69,-71,-71,-251,-169,-189,-71,-147,-108,-92,-52,-261,-259,-308,-344,-410,-399,-324,-66,-66,-8,-8,0,-14,-16,-22,-22,-53,0,-8,0,0,0,-8,-8,-8,0,-16,-16,-140,-16,-16,0,0,0,0,0,-58,0,0,0,0,0,0,8,8,8,8,8,0,0,0,0,0,8,8,8,8,8]} 1. e4 c5 2. Nc3 Nc6 3. g3 g6 4. Bg2 Bg7 5. d3 Rb8 6. Be3 d6 7. Qd2 b5 {[%cal Bb7b5,Bb5b4][%mdl 32]} 8. f4 b4 9. Nd1 $1 a5 {B26: Closed Sicilian: 3 g3, lines with early Be3.} 10. Nf3 Nf6 {[%cal Bg8f6,Bf6d7,Bd7b6][%mdl 32]} 11. h3 O-O {[%cal Oc5c4]} 12. O-O Nd7 {[#]} 13. d4 $146 (13. f5 $11 {remains equal.}) ({Predecessor:} 13. f5 Nce5 14. Nh4 Re8 15. Bh6 Bh8 16. Ne3 Nf6 17. g4 Bb7 18. g5 Nfd7 19. Qf2 {1-0 (38) Sevgi,V (2240)-Dolana,A (2403) Mamaia 2017}) 13... Ba6 (13... Nf6 $5 {[%cal Rf6e4]} 14. Nf2 cxd4 15. Nxd4 Nxd4 16. Bxd4 e5 17. fxe5 dxe5 $15) 14. Re1 $1 Nb6 15. b3 {To avoid Nc4} cxd4 16. Nxd4 Nxd4 17. Bxd4 e5 18. fxe5 dxe5 19. Be3 Qxd2 20. Bxd2 Rfc8 21. c4 bxc3 $1 22. Nxc3 Bf8 23. Nd5 {Inhibits Bb4.} Bc5+ 24. Be3 Bxe3+ 25. Nxe3 Kg7 26. Rac1 a4 27. h4 axb3 28. axb3 Nd7 29. Rxc8 Bxc8 30. Rb1 $1 Bb7 31. b4 Nf6 32. Nc4 (32. Nd5 Nxd5 33. exd5 f5 $17) 32... Bxe4 33. Bxe4 (33. Rb2 $1 $11 {keeps the balance.}) 33... Nxe4 $17 34. Nxe5 Nxg3 $11 {[%mdl 4096] Endgame KRN-KRN} 35. b5 (35. Nc6 $17 Rb6 36. Nd4) 35... Ne2+ $1 $19 36. Kg2 Nc3 $1 {[%csl LRb1,LRb5]} 37. Rf1 (37. Rc1 $142 Nxb5 38. Rd1) 37... f5 {[%cal Bf7f5,Bf5f4][%mdl 32]} ({Inferior is} 37... Rxb5 38. Rxf7+ Kg8 39. Re7 $17) 38. Rc1 {[#]} Rxb5 $1 39. Nf3 (39. Nd3 Rb3) 39... Nd5 40. Ng5 Rb2+ 41. Kf1 h6 42. Nf3 f4 43. Rc6 Rb6 {Prevents Ra6.} 44. Rc8 Rd6 45. Kf2 Ne3 46. Ra8 Ng4+ 47. Kg2 Nf6 $2 (47... Rb6 $1 $19 48. Kf1 Rb2) 48. Ra4 Nd5 {[%cal Og6g5]} 49. Ra8 $2 (49. Ne5 $17) 49... Rd7 50. Ra6 Rc7 (50... Nb4 $19 {and Black stays clearly on top.} 51. Re6 Nd3) 51. Nd4 (51. Ne5 $142) 51... Rc3 52. Kf2 {[%cal Oh4h5]} Rh3 53. Nf3 $2 (53. Ra7+ $15 Kf6 54. Ra6+ Kf7 55. Nf3) 53... Nc3 54. Ra7+ Kf6 55. Rh7 Ne4+ 56. Ke2 Nd6 $2 (56... Ng3+ $19 57. Kf2 Nf5) 57. Rxh6 $15 Kg7 {Inhibits Rh7+.} ({Black should play} 57... Nf7 $15 58. Rh7 Rg3) 58. Rh7+ $1 $11 Kf6 (58... Kxh7 $5 59. Ng5+ Kh6 60. Nxh3 Kh5 61. Nxf4+ Kxh4 $11) 59. Ra7 Nf5 60. Ra6+ Kg7 61. Ra7+ Kf8 (61... Kh6 $15 62. Ra6 Kh5) 62. Ra6 Rg3 63. Kf2 Kg7 64. Ra7+ Kh6 65. Ra8 Kh5 66. Rh8+ Kg4 67. Ne5+ Kh3 68. h5 $1 {[%cal Bh4h5,Bh5h6][%mdl 32]} g5 69. h6 {aiming for h7.} Rg2+ 70. Ke1 $1 {Strongly threatening h7.} ({Don't blunder} 70. Kf3 $2 Nh4+ 71. Ke4 Re2+ 72. Kd5 Rxe5+ $1 {[%mdl 512]} 73. Kd6 f3 $1 $19 {[%mdl 512]}) 70... Rg1+ 71. Kf2 ({White should try} 71. Kd2 $11 Kg3 72. h7) 71... Rg2+ (71... Rd1 $1 $15 72. Nf3 g4) 72. Ke1 $1 {And now h7 would win. The position is equal.} ({Don't go for} 72. Kf3 $2 Nh4+ 73. Ke4 Re2+ 74. Kd5 {[#]} Rxe5+ $1 {[%mdl 512]} 75. Kd6 f3 $1 $19 {[%mdl 512]}) 72... Rh2 73. Rg8 {Hoping for h7.} Nxh6 74. Rxg5 Rh1+ 75. Kf2 {[%cal Rg5h5]} Rh2+ $1 76. Kf3 {[%cal Rg5h5]} Kh4 {Prevents Rh5+.} 77. Rg1 Nf5 78. Kxf4 Nd4 {White must now prevent ...Ne2+.} 79. Rg8 {[%cal Rg8h8]} Ne6+ 80. Kf5 {White wants to mate with Nf3+.} Nd4+ 81. Ke4 Rd2 {White happily takes the draw.  Weighted Error Value: White=0.35/Black=0.26 (precise)} 1/2-1/2

[Event "Chile Championship Absolute 2022"]
[Site "Las Condes"]
[Date "2022.02.22"]
[Round "6.3"]
[White "Donoso Diaz, Sebastian"]
[Black "Lopez Silva, Hugo Andres"]
[Result "0-1"]
[WhiteElo "2212"]
[BlackElo "2407"]
[Annotator "TA"]
[PlyCount "50"]
[EventDate "2022.02.18"]
[EventType "tourn"]
[EventCountry "CHI"]
[SourceTitle "playchess.com"]
[Source "ChessBase"]
[SourceQuality "1"]

{[%evp 13,50,46,55,22,17,22,20,0,0,-6,14,-5,34,0,21,48,52,49,69,70,56,0,31,42,35,33,77,11,58,-10,-19,-283,-297,-283,-300,-345,-332,-476,-481]} 1. d4 Nf6 2. c4 e6 3. Nf3 c5 4. d5 exd5 5. cxd5 d6 6. Nc3 g6 7. Bf4 Bg7 $1 {[%mdl 4] is more profitable than 7...a6 at the moment.} 8. e3 {A61: Modern Benoni: Nf3 without early e4.} O-O 9. h3 Na6 10. Be2 {The position is equal.} Nc7 {[%cal Ob7b5]} 11. O-O Re8 12. a4 a6 13. a5 Rb8 14. Bh2 b5 {[#] aiming for ...Bb7.} 15. axb6 $1 Rxb6 16. Nd2 $1 {Hoping for Nc4.} Bf8 {[#]} (16... Ncxd5 $2 17. Nxd5 Nxd5 18. Nc4 $18) 17. Ra2 $146 ({Better is} 17. Nc4 $14 Rb4 18. f3) ({Predecessor:} 17. Nc4 Rb4 18. b3 Rb8 19. Bf3 Nb5 20. Na4 Bf5 21. Nab2 Nc3 22. Qe1 Rxb3 23. Rxa6 {0-1 (31) Zhong,J (2156)-Doknjas,J (2281) Sault Ste Marie 2017}) 17... Rb4 18. Bf3 Bd7 19. Re1 Qb8 (19... Bb5 $14) 20. Qc2 (20. Ra1 $16) 20... Qb7 (20... Bf5 $11 21. e4 Nb5) 21. Nde4 (21. Rd1 $14) 21... Nxe4 $11 22. Nxe4 {[%mdl 8192] [#] This move loses the game for White.} (22. Bxe4 $11 {and White has nothing to worry.} Rb8 23. Re2) 22... Rbxe4 $1 $19 {[%mdl 512]} 23. Bxe4 Qb4 {[%cal Rb4e1]} 24. Rd1 {Bf3 is the strong threat.} Rxe4 ({But not} 24... Qxe4 $2 25. Qxe4 Rxe4 26. Rd2) 25. Ra3 (25. b3 $142) 25... Ba4 {Weighted Error Value: White=0.42/Black=0.14 (very precise)} 0-1

[Event "Chile Championship Absolute 2022"]
[Site "Las Condes"]
[Date "2022.02.22"]
[Round "6.4"]
[White "Olivares Olivares, Claudio"]
[Black "Vasquez Toledo, Cristian"]
[Result "0-1"]
[WhiteElo "2380"]
[BlackElo "2154"]
[Annotator "TA"]
[PlyCount "74"]
[EventDate "2022.02.18"]
[EventType "tourn"]
[EventCountry "CHI"]
[SourceTitle "playchess.com"]
[Source "ChessBase"]
[SourceQuality "1"]

{[%evp 14,74,36,41,39,34,37,36,44,24,53,46,47,35,53,17,27,0,0,0,0,0,0,0,0,0,0,0,0,0,0,0,0,-18,-26,-36,-35,-50,-74,-64,-65,-76,-31,-27,-33,-102,-95,-126,-106,-194,-202,-206,-198,-212,-208,-166,-120,-298,-301,-301,-292,-240,-232]} 1. e4 c5 2. Nf3 {[%cal Bg1f3,Bf3d4,Bd4b5,Bb5a3,Ba3c4][%mdl 32]} Nc6 3. d4 cxd4 4. Nxd4 e5 5. Nb5 d6 6. N1c3 a6 7. Na3 Be7 8. Nc4 b5 {B32: Sicilian: Löwenthal and Kalashnikov Variations.} 9. Ne3 (9. Qd5 Bb7 10. Ne3 Nf6 $11) 9... Nf6 10. Bd3 Nb4 {White is slightly better.} 11. a4 {[#]} Bd7 $146 ({Predecessor:} 11... bxa4 12. Rxa4 Rb8 13. Bc4 Bd7 14. Ra1 O-O 15. O-O Be6 16. Qe2 Bxc4 17. Qxc4 Qc8 {½-½ (56) Moskovic,D (2248)-Friedgood,D (2240) England 1999}) 12. O-O {[%cal Ra4b5]} Rb8 13. axb5 axb5 14. Qf3 O-O 15. Nf5 Bxf5 16. Qxf5 Nxd3 17. cxd3 b4 18. Nd1 g6 19. Qf3 d5 20. Bg5 d4 21. Ra7 {[%cal Oa7e7] And now Rxe7! would win.} Nd7 22. Bh6 Re8 {[%cal Bf8e8,Be8e7,Be7g7,Bg7g4][%mdl 32]} (22... Bc5 $2 {[#]} 23. Rxd7 $1 {[%mdl 512]} Qb6 24. Bxf8 Rxf8 25. b3 $18) 23. Qh3 Nc5 $36 {[%mdl 2048] Black has some pressure.} (23... Nf6 24. f4 Qb6 25. Ra1 $14) 24. f4 (24. Qf3 $2 Qb6 25. Ra1 g5 $19) 24... Qb6 25. Rxe7 Rxe7 26. Nf2 f5 {Inhibits Ng4.} 27. fxe5 Qe6 (27... Rxe5 28. Bf4 Rbe8 29. Bxe5 Rxe5 30. Qg3 $14) (27... Rbe8 $17 28. Bf4 Qe6 29. exf5 gxf5) 28. exf5 $15 gxf5 (28... Qxe5 $2 29. Ng4 Qe2 30. fxg6 hxg6 31. Nf6+ Kf7 32. Nh7+ Kg8 33. Nf6+ Kf7 34. Qg3 $18) 29. Bg5 (29. Qh4 $15) 29... Rg7 $17 30. Bf4 Qd5 {Prevents Qf3. Black is much more active.} 31. Nh1 (31. Bd2 $17 {might work better.}) 31... Kh8 {[%cal Oc5d3] ...Nxd3! is the strong threat.} 32. Ng3 Rbg8 33. Rf3 ({Much weaker is} 33. Qxf5 Rf7 34. Qh5 Nxd3 $19) 33... Rg4 {[%cal Oc5d3] aiming for ...Nxd3!} 34. Qh5 Qe6 {[%cal Oc5d3] White must now prevent ...Nxd3!} 35. h3 $2 {[#]} (35. Qh6 $17 {is a better defense.} R4g6 36. Qh4) 35... Rxf4 $1 $19 {[%mdl 512]} 36. Rxf4 Rxg3 37. Qh4 Rg8 {Weighted Error Value: White=0.17 (very precise) /Black=0.04 (flawless)} ({Don't do} 37... Nxd3 38. Qxg3 Nxf4 39. Qxf4 $16) ({Not} 37... Rxd3 38. Qd8+ Qg8 39. Qf6+ Qg7 40. Qd8+ Qg8 41. Qf6+ Qg7 42. Qd8+ Qg8 $11) 0-1